000
00314nam a22001337a 4500
008
181019b xxu||||| |||| 00| 0 eng d
020
_a
9780534251222
041
_a
eng
080
_2
5 ED
_a
311
100
_a
55
101
_a
STA
245
_a
Statistical Methods And Data Analysis
_c
Ott.R.L
942
_2
udc
_c
BK
999
_c
50201
_d
50201